000 00487cam a22001934a 4500
005 20250605164300.0
008 250528s ||||||||||||||||||||||||d
035 _a22042
020 _a9781847873897
040 _aGR-AtMCL
_bgre
_dGR-AtMCL
_eAACR2
245 1 _aSTUDY SKILLS FOR HEALTH AND SOCIAL CARE STUDENTS
250 _a1
260 _bSage Publications,
_c2009
300 _a311
700 1 _aCraig Clare
_96782
942 _cBK
999 _c7098
_d7098